000 00516nam a22001577a 4500
003 NUST
038 _aNusrat Nadeem
082 _a200
100 _aHussain, Abid
_919282
245 _aFOMO through the Lens of Theory Interpersonal Behavior: A Study on Food Sector of Pakistan/
_cAbid Hussain,
264 _aIslamabad:
_bNBS NUST.
_c2025.
650 _aMS- Marketing
_9130980
700 _aSupervisor: Dr. Saman Attiq
_9130981
856 _u: http://10.250.8.41:8080/xmlui/handle/123456789/55592
942 _2ddc
_cSC
999 _c615106
_d615106